| 000 | 00472nam a2200193Ia 4500 | ||
|---|---|---|---|
| 008 | 170918s9999 xx 000 0 und d | ||
| 020 | _a184665081 | ||
| 050 | _bS425iv 2006 | ||
| 100 | _aScott, Sir Walter | ||
| 245 | _aIvanhoe / | ||
| 245 | _cby Sir Walter Scott. | ||
| 260 | _aLondon : | ||
| 260 | _bCharles Baker Books Ltd., | ||
| 260 | _c2006 | ||
| 300 | _a113 pages : | ||
| 300 | _billustrations ; | ||
| 300 | _c22cm. | ||
| 300 | _eCharles baker classics. | ||
| 999 |
_c343883 _d343883 |
||